| Поле | Инд. | ПП | Название | Значение |
|---|---|---|---|---|
| Тип записи | a | |||
| Библиографический уровень | m | |||
| 001 | Контрольный номер | RU/IS/BASE/264536359 | ||
| 005 | Дата корректировки | 20260305171720.0 | ||
| 008 | Кодируемые данные | 19961113 | ||
| 040 | 00 | e | Правила каталог. | Л 961113 |
| 084 | a | Индекс другой классификации/Индекс ББК | 84(4Вел)6-44 | |
| 090 | 00 | a | Полочн. индекс | 84(4Вел)6-44 |
| x | Авторский знак | В 61 | ||
| 097 | 00 | a | 210 | |
| 100 | 10 | a | Автор | Во И. |
| q | Полное имя | Во Ивлин | ||
| 245 | 00 | a | Заглавие | Избранное |
| c | Ответственность | перевод с английского М. Лорие, И. Бернштейн, Б. Носик, Р. Облонская; составление, предисловие Г. Анджапаридзе; редактор С. Ульяницкая; художник А. Цуркан | ||
| 260 | 00 | a | Место издания | Кишинев |
| b | Издательство | Лумина | ||
| c | Дата издания | 1978 | ||
| 300 | 00 | a | Объем | 600 с. |
| 336 | a | Термин вида содержания | Текст | |
| 337 | a | Термин типа средства | непосредственный | |
| 505 | 0_ | a | Форматированное содержание | Мерзкая плоть |
| 505 | 0_ | a | Форматированное содержание | Возвращение в Брайдсхед |
| 505 | 0_ | a | Форматированное содержание | Незабвенная |
| 505 | 0_ | a | Форматированное содержание | Морское путешествие |
| 505 | 0_ | a | Форматированное содержание | Коротенький отпуск мистера Лавдэя |
| 505 | 0_ | a | Форматированное содержание | Дом англичанина |
| 505 | 0_ | a | Форматированное содержание | Тактические занятия |
| 650 | 04 | a | Основная рубрика | художественная литература |
| 653 | 00 | a | Ключевые слова | XX век |
| a | Ключевые слова | английская литература | ||
| a | Ключевые слова | Великобритания | ||
| 655 | 00 | a | Жанр/ форма (устаревшее) | проза |
| a | Жанр/ форма (устаревшее) | роман | ||
| a | Жанр/ форма (устаревшее) | повесть | ||
| a | Жанр/ форма (устаревшее) | рассказ | ||
| 700 | 10 | a | Автор | Анджапаридзе Г. |
| e | Роль лиц | составитель; автор предисловия | ||
| 700 | 1_ | a | Автор | Ульяницкая С. |
| e | Роль лиц | редактор | ||
| 700 | 1_ | a | Автор | Лорие М. |
| e | Роль лиц | переводчик | ||
| 700 | 1_ | a | Автор | Бернштейн И. |
| e | Роль лиц | переводчик | ||
| 700 | 1_ | a | Автор | Носик Б. |
| e | Роль лиц | переводчик | ||
| 700 | 1_ | a | Автор | Облонская Р. |
| e | Роль лиц | переводчик | ||
| 700 | 1_ | a | Автор | Цуркан А. |
| e | Роль лиц | художник | ||
| 720 | a | Наименование подборки | История литературы стран изучаемого языка | |
| e | Признак/вид подборки | Тематические подборки | ||
| 901 | t | Тип документа | m | |
| 952 | a | Тип литературы для КСУ ВШ | ЛХИ |